Mira els pallassos [Enregistrament de vídeo] / Pallassos sense Fronteres
Publicado:
Lleida :
Diputació de Lleida, Ajuntament de Lleida ; Barcelona : Diputació de Barcelona ,
2001
Descripción Física:
1 videocasset (VHS) 10 min
Otros Autores:
Lleida. Diputació
Materias:
Pallassos
MARC
| LEADER | 00000nam a2200000Ia 4500 | ||
|---|---|---|---|
| 001 | 20795 | ||
| 008 | 160829s2001 xx 000 0 cat d | ||
| 080 | |a VID-13 | ||
| 100 | |a Pallassos sense Fronteres |9 40776 | ||
| 245 | |a Mira els pallassos [Enregistrament de vídeo] / Pallassos sense Fronteres | ||
| 260 | |a Lleida : |b Diputació de Lleida, Ajuntament de Lleida ; Barcelona : |b Diputació de Barcelona, |c 2001 | ||
| 300 | |a 1 videocasset (VHS) 10 min | ||
| 650 | 0 | |a Pallassos |9 40777 | |
| 700 | |a Lleida. Diputació | ||
| 710 | 1 | |a Lleida (Catalunya). |b Ajuntament |9 54073 | |
| 710 | 1 | |a Barcelona (Catalunya : Província). |b Diputació |9 52408 | |
| 901 | |a Arxiu | ||
| 942 | |n 1 | ||
| 952 | |0 0 |1 0 |4 0 |6 VID13 |7 1 |9 49895 |a Arxiu |b Arxiu |d 2016-12-01 |l 0 |o VID-13 |p 20795 |r 2016-12-01 00:00:00 |w 2016-12-01 |y ARXIU | ||
| 999 | |c 53737 |d 53737 | ||